घर से घर तक / (Record no. 12951)

MARC details
000 -LEADER
fixed length control field 03386 a2200313 4500
008 - FIXED-LENGTH DATA ELEMENTS--GENERAL INFORMATION
fixed length control field 090504t xxu||||| |||| 00| 0 hin d
010 ## - LCCN (DPL NO)
LC control number B-288838-846
020 ## - INTERNATIONAL STANDARD BOOK NUMBER
Terms of availability 350.00
International Standard Book Number 9788188939220
035 ## - SYSTEM CONTROL NUMBER
System control number B-288838-846
037 ## - SOURCE OF ACQUISITION
Source of stock number/acquisition बिमला बुक्स
040 ## - CATALOGING SOURCE
Original cataloging agency dpl
Language of cataloging HIN
082 ## - DEWEY DECIMAL CLASSIFICATION NUMBER
Classification number 910.4
100 ## - MAIN ENTRY--PERSONAL NAME
Personal name मिश्र,रामदरश
245 ## - TITLE STATEMENT
Title घर से घर तक /
Remainder of title रामदरश मिश्र
260 ## - PUBLICATION, DISTRIBUTION, ETC. (IMPRINT)
Place of publication, distribution, etc दिल्ली
Name of publisher, distributor, etc बिमला बुक्स
Date of publication, distribution, etc 2007
270 ## - ADDRESS
Address ई1/267, सोनिया विहार
City दिल्ली
State or province दिल्ली
Postal code 110094
300 ## - PHYSICAL DESCRIPTION
Extent 247पृ,
Dimensions 22 सेमी (सजिल्द)
942 ## - ADDED ENTRY ELEMENTS (KOHA)
Institution code [OBSOLETE] dpl
Item type Hindi Books
Call number prefix / मिश्ररा
Source of classification or shelving scheme Dewey Decimal Classification
Classification part 910.4
Call number suffix मिश्ररा
Holdings
Withdrawn status Lost status Source of classification or shelving scheme Damaged status Not for loan Collection code Home library Current library Date acquired Source of acquisition Cost, normal purchase price Total Checkouts Full call number Barcode Date last seen Copy number Cost, replacement price Koha item type Total Renewals
    Dewey Decimal Classification     Non-fiction Andrews Gunj Andrews Gunj 04/05/2009 बिमला बुक्स/वि 01/8/11.9.08/362/4.9.08/16.9.08 350.00 1 910.4 मिश्ररा B-288842 22/02/2023 1 350.00 Hindi Books  
    Dewey Decimal Classification     Non-fiction Central Library Central Library 04/05/2009 बिमला बुक्स/वि 01/8/11.9.08/362/4.9.08/16.9.08 350.00   910.4 मिश्ररा B-288838 04/05/2009 1 350.00 Hindi Books  
    Dewey Decimal Classification     Non-fiction Karol Bagh Karol Bagh 04/05/2009 बिमला बुक्स/वि 01/8/11.9.08/362/4.9.08/16.9.08 350.00   910.4 मिश्ररा B-288845 04/05/2009 1 350.00 Hindi Books  
    Dewey Decimal Classification     Non-fiction Patel Nagar Patel Nagar 04/05/2009 बिमला बुक्स/वि 01/8/11.9.08/362/4.9.08/16.9.08 350.00   910.4 मिश्ररा B-288839 04/05/2009 1 350.00 Hindi Books  
    Dewey Decimal Classification     Non-fiction R.K.Puram-8 R.K.Puram-8 04/05/2009 बिमला बुक्स/वि 01/8/11.9.08/362/4.9.08/16.9.08 350.00   910.4 मिश्ररा B-288841 04/05/2009 1 350.00 Hindi Books  
Withdrawn   Dewey Decimal Classification     Non-fiction Sarojini Nagar Sarojini Nagar 04/05/2009 बिमला बुक्स/वि 01/8/11.9.08/362/4.9.08/16.9.08 350.00 12 910.4 मिश्ररा B-288840 05/08/2014 1 350.00 Hindi Books  
    Dewey Decimal Classification     Non-fiction Shahdara Branch Shahdara Branch 04/05/2009 बिमला बुक्स/वि 01/8/11.9.08/362/4.9.08/16.9.08 350.00   910.4 मिश्ररा B-288846 04/05/2009 1 350.00 Hindi Books  
    Dewey Decimal Classification     Non-fiction Sriniwas Puri Sriniwas Puri 04/05/2009 बिमला बुक्स/वि 01/8/11.9.08/362/4.9.08/16.9.08 350.00   910.4 मिश्ररा B-288843 04/05/2009 1 350.00 Hindi Books  
    Dewey Decimal Classification     Non-fiction Vinoba Puri Vinoba Puri 04/05/2009 बिमला बुक्स/वि 01/8/11.9.08/362/4.9.08/16.9.08 350.00 4 910.4 मिश्ररा B-288844 22/04/2014 1 350.00 Hindi Books 1

© Delhi Public Library
Hit Counter
free hit counter